Kant: sentido común y subjetividad
Guardat en:
| Autor principal: | |
|---|---|
| Format: | Llibre |
| Idioma: | espanyol |
| Publicat: |
Madrid
Plaza y Valdés
2012
|
| Edició: | 1a. ed |
| Matèries: | |
| Etiquetes: |
Afegir etiqueta
Sense etiquetes, Sigues el primer a etiquetar aquest registre!
|
MARC
| LEADER | 00000cam a2200000 a 4500 | ||
|---|---|---|---|
| 001 | UCD5411 | ||
| 003 | CL-VaPUC | ||
| 008 | 160908e20120000sp |||||||||||||||||spa|d | ||
| 020 | |a 9788415271475 | ||
| 082 | 0 | 4 | |a 142.3 |b CUB |2 21 |
| 100 | 0 | |a Cubo Ugarte, Oscar |e author |9 589156 | |
| 245 | 1 | 0 | |a Kant: sentido común y subjetividad |
| 250 | |a 1a. ed | ||
| 300 | |a 233 p | ||
| 600 | 0 | |a Kant, Immanuel, |d 1724-1804 |9 858687 | |
| 942 | |c BK | ||
| 945 | |d 20160908 17:07:00 |a dcastane | ||
| 260 | |a Madrid |b Plaza y Valdés |c 2012 | ||
| 650 | 0 | |a Idealismo |9 265685 | |
| 650 | 7 | |a SENTIDO COMUN |2 CL-VaPUC |9 308639 | |
| 650 | 0 | |a Subjetividad |9 319638 | |
| 650 | 0 | |a Filosofía alemana |9 265002 | |
| 583 | |a last modification |c 20160908 17:07:00 |k Rodrigo Vera | ||
| 999 | |c 366074 |d 366072 | ||
| 952 | |0 0 |1 0 |3 erb |4 0 |6 142_300000000000000_CUB_2012 |7 0 |8 A |9 480102 |a BIBEDU |b BIBEDU |i 5340179 |l 2 |o 142.3 CUB 2012 |p 5340179 |r 2022-12-07 |s 2022-11-14 |w 2019-11-24 |y BK |z Catalogado en:20160908 |k FIL | ||